Journal of computer and mathematical science (Record no. 194050)

000 -LEADER
fixed length control field 00329nam a2200121Ia 4500
008 - FIXED-LENGTH DATA ELEMENTS--GENERAL INFORMATION
fixed length control field 220901s9999||||xx |||||||||||||| ||und||
082 ## - DEWEY DECIMAL CLASSIFICATION NUMBER
Classification number 004 QAD
100 ## - MAIN ENTRY--PERSONAL NAME
Personal name Qadir, Misbah
245 #0 - TITLE STATEMENT
Title Journal of computer and mathematical science
250 ## - EDITION STATEMENT
Edition statement Vol. 3 Issue No. 1 & 2
260 ## - PUBLICATION, DISTRIBUTION, ETC.
Name of publisher, distributor, etc. Hira Graphics
Date of publication, distribution, etc. 2012
650 ## - SUBJECT ADDED ENTRY--TOPICAL TERM
Topical term or geographic name entry element Graph theory
Holdings
Withdrawn status Lost status Damaged status Not for loan Home library Current library Shelving location Date acquired Full call number Barcode Date last seen Price effective from Koha item type
        Central Library Central Library Book Cart 09/01/2022 004 QAD BV781 09/01/2022 09/01/2022 Bound Volumes

Powered by Koha